000
00320 a2200145 4500
001
166635
020
_a
040
_c
Magnum
100
_a
Ostrower, Fayga
240
1
0
_a
Criatividade e processos de criacao
_l
por
245
1
0
_a
Criatividade e processos de criacao
362
0
_a
1899
697
_a
ARTES
942
_c
BK
999
_c
166635
_d
166635